Hockey Nicknames - Statistics

General Stats
  • This quiz has been taken 194 times
  • The average score is 10 of 20
Answer Stats
Hint Answer % Correct
The Great One Wayne Gretzky
99%
Sid the Kid Sidney Crosby
94%
Super Mario Mario Lemieux
88%
Mr. Hockey Gordie Howe
80%
The Great 8 Alexander Ovechkin
79%
The Rocket Maurice Richard
67%
The Finnish Flash Teemu Selanne
66%
The Dominator Dominik Hasek
59%
Geno Evgeni Malkin
55%
Cujo Curtis Joseph
54%
The Russian Rocket Pavel Bure
50%
Machine-Gun Lanny Lanny McDonald
42%
The Bulin Wall Nikolai Khabibulin
34%
Showtime Patrick Kane
28%
Magic Man Pavel Datsyuk
27%
Le Demon Blond Guy Lafleur
26%
Wi-Fi Arber Xhekaj
20%
Pickles Blake Coleman and Marc-Edouard Vlasic
11%
Little Ball of Hate Pat Verbeek
7%
Teapot Tyler Toffoli
3%
No matching quizzes found
Score Distribution
Percent of People with Each Score
Percentile by Number Answered
Your Score History
You have not taken this quiz